01081nam a2200265 a 450000500170000000800410001702000150005804100080007309200190008110000230010024500340012325000520015726000570020930000110026650000930027759000400037065300360041065300440044665300750049065300370056593000090060294200120061199900150062395201770063820240412131119.0100309e1990||||ag f0 s|1s0 spa d a9505570112 aspa c111.1l26sFRO1 aFromm, Erich93118 1a¿Tener o ser? /cErich Fromm a1a ed. 7a reimp. bTraducción Carlos Valdéz aBuenos Aires: bFondo de Cultura Económica:c1990. a191 p. aFromm, E. (1990). ¿Tener o ser?. (7a ed.). Buenos Aires : Fondo de Cultura Económica. aDonación Dora Vera, febrero 2017. aDiferencia entre el tener y ser aTener y ser en la experiencia cotidiana aAnálisis de las diferencias fundamentales de los modos de existencia aHombre nuevo y la sociedad nueva a3781 2ddccBK c2324d2324 00102ddc4070aBFMbBFMcCRd2017-02-22eDonación Dora Vera, febrero 2017.l0o111.1 26 FROp3781r2017-02-22tEj.1w2017-02-22yBKzDonación Dora Vera, febrero 2017.